000 00548nam a2200205Ia 4500
003 OSt
005 20250125103741.0
008 231217s9999 xx 000 0 und d
020 _a9788131711064
040 _c0
041 _aEnglish
082 _a001.6424UML BLA;33
100 _aBlaha, Michael R, Rumbaugh, James R.
245 0 _aObject oriented modeling and design with UML
250 _a2nd ed.
260 _c2005
_bDarling Kindersley
_aNew Delhi
300 _axvii, 477
650 _aObject,oriented,modeling,UML
942 _cAA
_2ddc
999 _c197118
_d197118